Dos ensayos sobre el gobierno civil.

Gorde:
Xehetasun bibliografikoak
Egile nagusia: Locke, John (autor)
Beste egile batzuk: Abellán, Joaquín (edición), Giménez Gracia, Francisco (traducción)
Formatua: Liburua
Argitaratua: Madrid, España: Espasa Calpe, 1991.
Saila:Colección Austral,
Gaiak:
Etiketak: Etiketa erantsi
Etiketarik gabe, Izan zaitez lehena erregistro honi etiketa jartzen!

MARC

LEADER 00000nam a22000007a 4500
003 CL-VaPUC
005 20220822114637.0
008 220718t1991 ||||| |||| 00| 0 eng d
999 |c 437161  |d 437159 
020 |a 84-239-7240-2 
040 |c Pontificia Universidad Católica de Valparaíso 
082 7 |a 320.01 LOC 1991  |2 22 
100 |a Locke, John  |9 258383  |e autor 
245 |a Dos ensayos sobre el gobierno civil.  
260 |a Madrid, España:  |b Espasa Calpe,   |c 1991. 
300 |a 389 páginas.  
490 |a Colección Austral,   |n  240. 
500 |a c.1 Donación Familia Prof. Alejandro Guzmán Brito 
583 |c 20220718  |k Cristina María Rojas Aguilar 
650 |a Filosofía política   |9 873146 
650 |a Teoría política   |9 873147 
650 |a Gobierno  |x Sistemas políticos  |9 873148 
700 |a Abellán, Joaquín  |e edición  |9 873149 
700 |a Giménez Gracia, Francisco  |e traducción  |9 873150 
942 |2 ddc  |c BK  |n 0 
952 |0 0  |1 0  |2 ddc  |4 0  |6 320_010000000000000_LOC_1991  |7 0  |8 C_AGB  |9 584911  |a BIBDER  |b BIBDER  |d 2022-07-18  |e Donación   |i 5653024  |o 320.01 LOC 1991  |p 5653024  |r 2024-04-15  |t 1  |w 2022-07-18  |y BK_US  |k AGB